| 000 | 00714nam a2200205Ii 4500 | ||
|---|---|---|---|
| 003 | JO-AjNU | ||
| 008 | 230605s9999||||xx |||||||||||||| ||und|| | ||
| 040 |
_aJO-AjNU _bara _erda _cJO-AjNU |
||
| 041 | _aara | ||
| 050 | 1 | 4 | _aPJ7698.H8.A17 1993 |
| 100 | 3 |
_aدراسة وتبويب مفيد محمد قميحة, _eauthor _97886 |
|
| 245 | 0 | 0 | _aديوان الحطيئة برواية وشرح إبن السكيت 186-246 هـ |
| 250 | _aط1 | ||
| 264 | 3 | 1 | _aبيروت:دار الكتب العلمية،1993 |
| 300 | _a208ص | ||
| 336 |
_atext _btxt _2rdacontent |
||
| 337 |
_aunmediated _bn _2rdamedia |
||
| 338 |
_avolume _bnc _2rdacarrier |
||
| 650 | 4 |
_a الشعر العربي - عصر صدر الإسلام _97887 |
|
| 999 |
_aA506 _c4074 _d4074 |
||